Coronae Hungariae Emblematica Descriptio

Bibliographic Details
Main Author: Lackner, Christoph (Author, Dedicator)
Corporate Author: Winter, Jacob (Lauingen, Nemecko) (Printer)
Other Authors: Winter, Jacob (Printer)
Format: Book
Language:Latin
PhysicalDescription:207 s. 4°
Published: Lavingae Suevorum Typis Palatinis excudebat M. Iacobus Winter 1615
Subjects:

MARC

LEADER 00000nam a2200000 a 4500
001 vtls001287038
003 SK-MaSNL
005 20260301155352.0
008 180810s1615 gw 0 lat
015 |a SNBHFA1615 
020 |c 9.600,00 
035 |a SNK000238596 
040 |a SNK  |b slo  |c SNK  |e AACR2 
041 0 |a lat 
044 |a gw  |c DE 
072 7 |a 930  |x Historická veda. Pomocné vedy historické. Archívnictvo  |2 konspekt 
080 |a 930.2:[003.628+7.045]  |2 2001 
100 1 |a Lackner, Christoph  |4 aut  |4 dto  |9 519516 
245 1 0 |a Coronae Hungariae Emblematica Descriptio  |c Authore Christophoro Lackhner 
260 |a Lavingae Suevorum  |b Typis Palatinis excudebat M. Iacobus Winter  |c 1615 
300 |a 207 s.  |c 4° 
508 |a Ded.: Turzo, Juraj V.; Lackner, Christoph 
510 4 |a VD17  |c 12:195003H 
550 |a Impresorské údaje prevzaté z kolofónu 
650 0 7 |a uhorská kráľovská koruna  |2 SNKPH  |9 519517 
650 0 7 |a emblematika  |2 SNKPH  |9 85723 
700 1 |a Turzo, Juraj V.  |4 hnr  |9 495866 
700 1 |a Winter, Jacob  |4 prt  |9 369238 
710 2 |a Winter, Jacob (Lauingen, Nemecko)  |4 prt  |9 519518 
752 |a Nemecko  |d Lauingen 
852 |a snk  |p SD 69043 
958 |a ONDV 
958 |a DC 
999 |c 800697  |d 802627 
952 |a SNK  |b SNK  |y PREZ  |7 0  |p 17A0063335  |o snkSD 69043  |i snkK 410/97  |8 3  |0 0  |1 0  |4 0  |d 1997-05-15  |l 0  |r 2005-01-02 00:00:00  |w 2026-02-24